Statistics for Each European country is the best at something!

Click here to take the quiz!

General Stats

  • This quiz has been taken 198 times
  • The average score is 9 of 20

Answer Stats

HintCountry% Correct
Most touristicFrance
92%
Biggest economyGermany
77%
Biggest Gypsy populationRomania
72%
Newest countryKosovo
67%
Biggest number of nuclear warheadsRussia
63%
Best education systemFinland
60%
The most UNESCO World Heritage SitesItaly
57%
Highest density of populationMonaco
55%
Tallest populationNetherlands
55%
Best democracyNorway
49%
Biggest consumption of beerCzech Republic
39%
Biggest number of land minesBosnia and Herzegovina
35%
Biggest number of fascist movementsUnited Kingdom
34%
Highest percentage of ProtestantsDenmark
33%
Biggest percentage of smokersGreece
32%
Highest level of employmentSwitzerland
30%
Biggest use of cocaineSpain
27%
Biggest alcohol consumptionMoldova
27%
Best internet accessIceland
21%
Most women per manEstonia
18%

Score Distribution

Percentile by Number Answered

Percent of People with Each Score

Your Score History

You have not taken this quiz